000 00773cam a2200193 4500
008 000000n2000 000 0 eng u
035 _a(Sirsi) u104745
245 _aAlfred McAlpine Homes (Yorkshire) Limited v Kirklees MC
260 _c2000
490 _aProperty, Planning and Compensation Reports
_v[2000] 79 PPCR 352-357(6)
520 _aQBD 23 June 1999. Town and country planning - Challenge to Unitary Development Plan - Application for interim order to suspend operation of policy.
650 _aTOWN AND COUNTRY PLANNING
650 _aALFRED MCALPINE HOMES (YORKSHIRE) LTD V KIRKLEES MC
650 _aUNITARY DEVELOPMENT PLAN
650 _aRESIDENTIAL DEVELOPMENT
650 _aURBAN GREENSPACE
690 _aPlanning and development
_96259
942 _n0
999 _c62836
_d62836